000
00305nam a22001097a 4500
008
211026b ||||| |||| 00| 0 eng d
050
_a
170
_b
1
245
_a
Sunday School(Text Cum Workbook)
260
_a
Bangalore
_b
Children's Educational And Charitable Institution
_c
2003
300
_a
1
942
_2
ddc
_c
BK
999
_c
11852
_d
11852